003460000a22001330004500060000800000082001800008100002600026245007600052250000600128260004000134260000900174300000800183650002100191 a100 a582.13012 REN aRendle, Alfred Balton aClassification of Flowering plants . V.1 Gymnosperms and Monocotyledons a2 aCambridge, At the University Press c1959 a412 aFlowering Plants